Normal view
MARC view
- Cavazos-Gaither, Alma E.
Entry Personal Name
001 - CONTROL NUMBER
- control field: 8876
003 - CONTROL NUMBER IDENTIFIER
- control field: NUST
005 - DATE AND TIME OF LATEST TRANSACTION
- control field: 20180118153739.0
008 - FIXED-LENGTH DATA ELEMENTS
- fixed length control field: 180118|| aca||aabn | a|a d
040 ## - CATALOGING SOURCE
- Original cataloging agency: NUST
- Transcribing agency: NUST
100 ## - HEADING--PERSONAL NAME
- Personal name: Cavazos-Gaither, Alma E.
670 ## - SOURCE DATA FOUND
- Source citation: Work cat.: (NUST)28948: Gaither, C.C. 8875, Mathematically speaking :, 1998.
